Fischvermehrung : die gebräuchlichsten künstlichen und halbkünstlichen Methoden und Einrichtungen der Fischvermehrung bei den in Betracht kommenden Nutzfischen /

Hlavní autor: Lietmann, H.
Jazyk: Němčina
Vydáno: Berlin : Reichsnährstandsverlag, 1943
Témata:
Fyzický popis: 46 stran : ilustrace
Knihy
Uloženo v:
LEADER 00964nam a22002652i 4500
001 001715198
003 CZ BrMZK
005 20200102091834.0
007 ta
008 191106s1943 gw a er|||||||||||ger d
040 |a DE-601  |b ger  |c DE-601  |d ABA009  |e rda  |d BOA001 
072 7 |a 639.2/.6  |x Rybářství  |2 Konspekt  |9 24 
100 1 |a Lietmann, H.  |4 aut 
245 1 0 |a Fischvermehrung :  |b die gebräuchlichsten künstlichen und halbkünstlichen Methoden und Einrichtungen der Fischvermehrung bei den in Betracht kommenden Nutzfischen /  |c H. Lietmann 
264 1 |a Berlin :  |b Reichsnährstandsverlag,  |c 1943 
300 |a 46 stran :  |b ilustrace 
336 |a text  |b txt  |2 rdacontent 
337 |a bez média  |b n  |2 rdamedia 
338 |a svazek  |b nc  |2 rdacarrier 
650 0 7 |a ryby  |2 czenas 
650 0 7 |a chov ryb  |2 czenas 
910 |a BOA001  |b X-0269.470 
990 |a BK 
991 |b 201911 
996 7 |b 2618820937  |c X-0269.470  |l MZK  |r Sklad / do 24 hodin  |n 0  |w 001765867  |u 000010  |a 1  |e BOA001  |j MZK50  |s A